[Event "3FoglarVeterans_SIM_B"]
[Site "?"]
[Date "2007.??.??"]
[Round "?"]
[White "Satici, Aydin"]
[Black "Woznica, Miroslaw"]
[Result "1/2-1/2"]
[WhiteElo "2335"]
[BlackElo "2303"]
[PlyCount "58"]
[EventDate "2007.??.??"]
[EventType "corr"]
[SourceDate "2007.05.17"]

1. d4 Nf6 2. c4 e6 3. Nc3 Bb4 4. Bg5 h6 5. Bh4 c5 6. d5 Bxc3+ 7. bxc3 d6 8. e3
e5 9. Bd3 e4 10. Bc2 Nbd7 11. Ne2 Qe7 12. Qb1 O-O 13. a4 Ne5 14. Bxf6 Qxf6 15.
Bxe4 Nxc4 16. Qc2 Re8 17. O-O Bd7 18. Ng3 g6 19. Bd3 Ne5 20. Be2 h5 21. Ne4 Qe7
22. Nd2 Ng4 23. e4 f5 24. Rae1 Qh4 25. Nf3 Qf6 26. exf5 Bxf5 27. Bd3 Ne5 28.
Nxe5 Rxe5 29. Bxf5 Qxf5 1/2-1/2

[Event "3FoglarVeterans_SIM_B"]
[Site "?"]
[Date "2007.??.??"]
[Round "?"]
[White "Brousek, Jiri"]
[Black "Nocci, Roberto"]
[Result "1/2-1/2"]
[WhiteElo "2353"]
[BlackElo "2311"]
[PlyCount "115"]
[EventDate "2007.??.??"]
[EventType "corr"]
[SourceDate "2007.05.17"]

1. d4 Nf6 2. Nf3 e6 3. e3 c5 4. Bd3 cxd4 5. exd4 Be7 6. O-O O-O 7. c3 d6 8. Bg5
h6 9. Bf4 Nc6 10. h3 a6 11. Re1 Bd7 12. Nbd2 Nd5 13. Bh2 b5 14. Ne4 Bc8 15. a4
Rb8 16. axb5 axb5 17. Qb3 Rb7 18. Ng3 Na5 19. Qd1 Nc4 20. Ra2 Rc7 21. Ne4 f5
22. Ned2 Bd7 23. Qe2 Qc8 24. Rea1 Kh8 25. Nb1 Kh7 26. Ra7 Qb8 27. R7a6 Rb7 28.
R6a2 Rc8 29. Bg3 Kg8 30. Qe1 Rbc7 31. b3 Ncb6 32. Ra5 f4 33. Bh4 Bxh4 34. Nxh4
Nb4 35. Bg6 N4d5 36. Qe4 Nxc3 37. Nxc3 Rxc3 38. Bh7+ Kh8 39. Ng6+ Kxh7 40. Nf8+
Kg8 41. Nxd7 Nxd7 42. Qxe6+ Kh8 43. Qxd7 b4 44. Rb5 Qc7 45. Qxc7 R8xc7 46. Rxb4
Rd3 47. Ra8+ Kh7 48. Rf8 g5 49. Rd8 Rc6 50. h4 Rd1+ 51. Kh2 Kg6 52. hxg5 hxg5
53. g4 fxg3+ 54. Kxg3 Kf5 55. Rb5+ Ke4 56. Rxg5 Rb6 57. Rg4+ Kd5 58. f4 1/2-1/2

[Event "3FoglarVeterans_SIM_B"]
[Site "?"]
[Date "2007.??.??"]
[Round "?"]
[White "Pesa, Ladislav"]
[Black "Matousek, Jan"]
[Result "1/2-1/2"]
[WhiteElo "2342"]
[BlackElo "2314"]
[PlyCount "59"]
[EventDate "2007.??.??"]
[EventType "corr"]
[SourceDate "2007.05.17"]

1. e4 c5 2. Nf3 Nc6 3. d4 cxd4 4. Nxd4 Nf6 5. Nc3 e5 6. Ndb5 d6 7. Bg5 a6 8.
Na3 b5 9. Nd5 Be7 10. Bxf6 Bxf6 11. c3 Bg5 12. Nc2 O-O 13. a4 bxa4 14. Rxa4 a5
15. Bc4 Rb8 16. Ra2 Kh8 17. Nce3 g6 18. h4 Bxh4 19. g3 Bf6 20. b3 Bg7 21. f4
exf4 22. gxf4 Re8 23. Qf3 Ne7 24. Rah2 Nxd5 25. Bxd5 Kg8 26. Kf2 Qf6 27. Rxh7
Qxc3 28. f5 Qb2+ 29. Kg1 Qc1+ 30. Kg2 1/2-1/2

[Event "3FoglarVeterans_SIM_B"]
[Site "?"]
[Date "2007.??.??"]
[Round "?"]
[White "Weber, Karlheinz"]
[Black "Nocci, Roberto"]
[Result "0-1"]
[WhiteElo "2298"]
[BlackElo "2311"]
[PlyCount "88"]
[EventDate "2007.??.??"]
[EventType "corr"]
[SourceDate "2007.05.17"]

1. d4 Nf6 2. c4 e6 3. Nf3 d5 4. g3 dxc4 5. Qa4+ Nbd7 6. Bg2 a6 7. Qxc4 c5 8.
Qc2 b5 9. O-O Bb7 10. dxc5 Bxc5 11. Nbd2 Rc8 12. Qd1 O-O 13. Nb3 Qe7 14. Bd2
Bb6 15. Qe1 Rfd8 16. Bb4 Qe8 17. Rc1 Rxc1 18. Qxc1 Rc8 19. Qb1 Be4 20. Qa1 Nd5
21. Ba5 Bxa5 22. Nxa5 N7f6 23. Rc1 Nb4 24. Ne5 h6 25. Nb3 Bxg2 26. Rxc8 Qxc8
27. Kxg2 Qc2 28. Nd4 Qe4+ 29. Nef3 e5 30. Qe1 Nxa2 31. Qa5 exd4 32. Qxa2 Qxe2
33. Nxd4 Qe4+ 34. Nf3 Qc6 35. h3 Nd7 36. Qb1 Ne5 37. Qf5 f6 38. g4 g6 39. Qf4
Kf7 40. Kg3 Qxf3+ 41. Qxf3 Nxf3 42. Kxf3 Ke6 43. Ke4 a5 44. f4 g5 0-1

[Event "3FoglarVeterans_SIM_B"]
[Site "?"]
[Date "2007.??.??"]
[Round "?"]
[White "Christiansen, Tonny"]
[Black "Woznica, Miroslaw"]
[Result "1/2-1/2"]
[WhiteElo "2340"]
[BlackElo "2303"]
[PlyCount "60"]
[EventDate "2007.??.??"]
[EventType "corr"]
[SourceDate "2007.05.17"]

1. e4 c6 2. d4 d5 3. e5 Bf5 4. Nf3 e6 5. Be2 Nd7 6. O-O Bg6 7. Nbd2 Nh6 8. Nb3
Nf5 9. a4 Be7 10. a5 O-O 11. c3 a6 12. g4 Nh4 13. Nxh4 Bxh4 14. f4 f6 15. Be3
Qe7 16. Nd2 fxe5 17. dxe5 h6 18. c4 Rad8 19. cxd5 cxd5 20. Rc1 Rc8 21. Qb3 Rxc1
22. Rxc1 d4 23. Bxd4 Rxf4 24. Be3 Rb4 25. Rc8+ Kh7 26. Qc3 Ra4 27. Rc7 Qd8 28.
Nf1 Be1 29. Rxd7 Qxd7 30. Qxe1 Qd5 1/2-1/2

[Event "3FoglarVeterans_SIM_B"]
[Site "?"]
[Date "2007.??.??"]
[Round "?"]
[White "Matousek, Jan"]
[Black "Satici, Aydin"]
[Result "1-0"]
[WhiteElo "2314"]
[BlackElo "2335"]
[PlyCount "97"]
[EventDate "2007.??.??"]
[EventType "corr"]
[SourceDate "2007.05.17"]

1. d4 Nf6 2. c4 c5 3. d5 b5 4. cxb5 a6 5. bxa6 g6 6. Nc3 Bxa6 7. g3 Bg7 8. Bg2
d6 9. Nf3 Nbd7 10. Rb1 O-O 11. O-O Ne8 12. Qc2 Nc7 13. Rd1 Nb6 14. e4 Nb5 15.
Nxb5 Bxb5 16. b3 Qc8 17. Bg5 Re8 18. a4 Nxa4 19. bxa4 Bxa4 20. Qe2 Bxd1 21.
Qxd1 Qc7 22. e5 Ra7 23. Bf1 Rb8 24. exd6 exd6 25. Nd2 Rxb1 26. Qxb1 h6 27. Be3
Ra1 28. Qe4 Qd7 29. Kg2 Qa4 30. Qe7 Bf8 31. Qf6 Rd1 32. Qf3 Re1 33. Be2 Qc2 34.
h4 Kg7 35. h5 g5 36. Bb5 Qd1 37. Qxd1 Rxd1 38. g4 Ra1 39. Ne4 Rb1 40. Bc6 Rb2
41. Bd2 Rb1 42. Ba5 Kg8 43. Kf3 c4 44. Ke2 Ra1 45. Bc3 Ra2+ 46. Kd1 Bg7 47.
Bxg7 Kxg7 48. Nxd6 Rxf2 49. Nf5+ 1-0

[Event "3FoglarVeterans_SIM_B"]
[Site "?"]
[Date "2007.??.??"]
[Round "?"]
[White "Illetsko, Jaroslav"]
[Black "Glinz, Gustavo"]
[Result "1/2-1/2"]
[WhiteElo "2262"]
[BlackElo "2321"]
[PlyCount "59"]
[EventDate "2007.??.??"]
[EventType "corr"]
[SourceDate "2007.05.17"]

1. d4 Nf6 2. Nf3 d5 3. g3 c5 4. Bg2 e6 5. c4 dxc4 6. O-O Nc6 7. Qa4 cxd4 8.
Nxd4 Qxd4 9. Bxc6+ Bd7 10. Rd1 Bxc6 11. Qxc6+ bxc6 12. Rxd4 Nd5 13. Rxc4 c5 14.
e4 Nb6 15. Rc2 Rd8 16. Kg2 Be7 17. Nc3 Rd7 18. Be3 Nc4 19. Re1 Nxe3+ 20. Rxe3
O-O 21. Na4 Rc7 22. Rec3 Rb8 23. Nxc5 Bf6 24. Na6 Rxc3 25. bxc3 Rc8 26. c4 Be7
27. Rc3 Rc6 28. Nb8 Rc7 29. f4 f6 30. Kf3 1/2-1/2

[Event "3FoglarVeterans_SIM_B"]
[Site "?"]
[Date "2007.??.??"]
[Round "?"]
[White "Pesa, Ladislav"]
[Black "Nocci, Roberto"]
[Result "1-0"]
[WhiteElo "2342"]
[BlackElo "2311"]
[PlyCount "85"]
[EventDate "2007.??.??"]
[EventType "corr"]
[SourceDate "2007.05.17"]

1. e4 c5 2. Nf3 Nc6 3. d4 cxd4 4. Nxd4 e5 5. Nb5 d6 6. N1c3 a6 7. Na3 Be6 8.
Nc4 b5 9. Ne3 Nf6 10. g3 Be7 11. Bg2 O-O 12. O-O Nd4 13. Ncd5 Nxd5 14. Nxd5 h6
15. c3 Nc6 16. Be3 Bg5 17. f4 exf4 18. gxf4 Bh4 19. Qh5 Rb8 20. Rad1 b4 21. e5
Bd7 22. Kh1 bxc3 23. bxc3 f5 24. exd6 Kh7 25. Qe2 a5 26. c4 Nb4 27. Nc7 Qc8 28.
Rg1 Bf6 29. c5 Ba4 30. Rd2 Bd7 31. a3 Nc6 32. Bf3 Re8 33. Nxe8 Qxe8 34. Bd5 a4
35. Bf2 Qc8 36. Qh5 Be8 37. Bf7 Qd7 38. Bxe8 Rxe8 39. Qg6+ Kh8 40. Rd5 Rf8 41.
Rxf5 Qb7 42. Qg2 Rf7 43. Bh4 1-0

[Event "3FoglarVeterans_SIM_B"]
[Site "?"]
[Date "2007.??.??"]
[Round "?"]
[White "Mokrinsky, Evgeny E."]
[Black "Pesa, Ladislav"]
[Result "1/2-1/2"]
[WhiteElo "2341"]
[BlackElo "2342"]
[PlyCount "50"]
[EventDate "2007.??.??"]
[EventType "corr"]
[SourceDate "2007.05.17"]

1. e4 c5 2. Nf3 d6 3. d4 cxd4 4. Nxd4 Nf6 5. Nc3 a6 6. Bg5 e6 7. f4 Qb6 8. Qd2
Qxb2 9. Rb1 Qa3 10. f5 Nc6 11. fxe6 fxe6 12. Nxc6 bxc6 13. Be2 Be7 14. O-O O-O
15. Rb3 Qc5+ 16. Be3 Qe5 17. Bf4 Nxe4 18. Nxe4 Qxe4 19. Bxd6 Rxf1+ 20. Kxf1 Bf6
21. Qd3 Qxd3 22. Bxd3 Bd7 23. Rb7 Rd8 24. Bc5 Be8 25. Bb6 Ra8 1/2-1/2

[Event "3FoglarVeterans_SIM_B"]
[Site "?"]
[Date "2007.??.??"]
[Round "?"]
[White "Pesa, Ladislav"]
[Black "Glinz, Gustavo"]
[Result "1/2-1/2"]
[WhiteElo "2342"]
[BlackElo "2321"]
[PlyCount "74"]
[EventDate "2007.??.??"]
[EventType "corr"]
[SourceDate "2007.05.17"]

1. e4 e6 2. d4 d5 3. Nc3 Nf6 4. Bg5 dxe4 5. Nxe4 Nbd7 6. Nf3 Be7 7. Nxf6+ Bxf6
8. h4 h6 9. Bxf6 Nxf6 10. Qd2 O-O 11. O-O-O b6 12. Bd3 Bb7 13. Ne5 c5 14. dxc5
bxc5 15. Rhe1 Qc7 16. g4 c4 17. Bxc4 Nxg4 18. Qd7 Rfc8 19. Rd4 Nxe5 20. Qxc7
Rxc7 21. Rxe5 Kf8 22. Bd3 Ke7 23. c4 a5 24. Kd2 Rcc8 25. b3 f6 26. Re3 Rd8 27.
Kc3 g5 28. hxg5 hxg5 29. a3 Rh8 30. c5 e5 31. Bb5 Bc8 32. Rd6 Ra7 33. Bc4 g4
34. f4 Rh3 35. Rxh3 gxh3 36. fxe5 fxe5 37. Rh6 Bf5 1/2-1/2

[Event "3FoglarVeterans_SIM_B"]
[Site "?"]
[Date "2007.??.??"]
[Round "?"]
[White "Nocci, Roberto"]
[Black "Woznica, Miroslaw"]
[Result "1-0"]
[WhiteElo "2311"]
[BlackElo "2303"]
[PlyCount "129"]
[EventDate "2007.??.??"]
[EventType "corr"]
[SourceDate "2007.05.17"]

1. e4 c6 2. d4 d5 3. Nc3 dxe4 4. Nxe4 Nd7 5. Bc4 Ngf6 6. Ng5 e6 7. Qe2 Nb6 8.
Bb3 h6 9. N5f3 c5 10. Bf4 Nbd5 11. Be5 cxd4 12. O-O-O Bd7 13. Nxd4 Be7 14. Nf5
exf5 15. Bxd5 Nxd5 16. Rxd5 Qb6 17. Bxg7 Rg8 18. Bc3 Rxg2 19. Nh3 Be6 20. Rd3
Rd8 21. Rxd8+ Kxd8 22. Qe5 Kc8 23. Ba5 Qc5 24. Qh8+ Bf8 25. Bc3 Rg4 26. Rd1
Bxa2 27. Bd4 Rxd4 28. Qxd4 Qxd4 29. Rxd4 Be6 30. Nf4 Bd7 31. b4 Bc6 32. Nd5 a6
33. Ne3 Be4 34. f3 Bxf3 35. Nxf5 Kc7 36. Rh4 Kd7 37. Nxh6 Bd5 38. Rh5 Bf3 39.
Rh3 Be4 40. Nxf7 Bxb4 41. Re3 Bd5 42. Ne5+ Kd6 43. c4 Bg8 44. h4 Bc5 45. Rg3
Bh7 46. Rg7 Be3+ 47. Kd1 Bf5 48. Nf7+ Ke6 49. Ke2 Bc5 50. Ng5+ Ke5 51. Rxb7 a5
52. Rc7 Kd6 53. Rf7 Bg4+ 54. Kd3 Ke5 55. Nf3+ Ke6 56. Rf4 Bf5+ 57. Kc3 Bg6 58.
Rg4 Kf6 59. Rg5 Bb4+ 60. Kd4 a4 61. Rb5 Be7 62. h5 Bf7 63. h6 Bg8 64. Rb8 Bh7
65. c5 1-0

[Event "3FoglarVeterans_SIM_B"]
[Site "?"]
[Date "2007.??.??"]
[Round "?"]
[White "Glinz, Gustavo"]
[Black "Brousek, Jiri"]
[Result "1/2-1/2"]
[WhiteElo "2321"]
[BlackElo "2353"]
[PlyCount "115"]
[EventDate "2007.??.??"]
[EventType "corr"]
[SourceDate "2007.05.17"]

1. d4 e6 2. e4 d5 3. Nf3 dxe4 4. Ne5 Nd7 5. Nc3 Ngf6 6. Be2 Be7 7. O-O O-O 8.
Bg5 c5 9. Nxd7 Bxd7 10. dxc5 Bc6 11. b4 Qc7 12. Qd2 Qe5 13. Bf4 Qf5 14. Bc7 Nd5
15. Nxd5 exd5 16. c3 Rfe8 17. Bf4 Ba4 18. f3 Rad8 19. fxe4 dxe4 20. Qe3 Qe6 21.
a3 a6 22. Rac1 Bf6 23. Bd6 Qd5 24. Bf4 Qb3 25. Bh6 Be5 26. Bf4 Bf6 27. Bh6 Kh8
28. Qg3 Be5 29. Bf4 Bxf4 30. Rxf4 Re7 31. Rcf1 f6 32. Rh4 Be8 33. Qe3 Bg6 34.
Qg3 Kg8 35. Qe3 Re5 36. Rh3 a5 37. Qc1 Qa2 38. Rf2 Qe6 39. Re3 Bh5 40. Qb2 Bxe2
41. Qxe2 f5 42. g4 g6 43. gxf5 gxf5 44. Rg3+ Kh8 45. Qe3 Rd1+ 46. Kg2 axb4 47.
cxb4 h6 48. Qf4 e3 49. Re2 Rd3 50. c6 Qxc6+ 51. Kh3 Qe6 52. Rc2 Rd8 53. Rg6
Qxg6 54. Qxe5+ Kh7 55. Qe7+ Qg7 56. Rc7 Qxe7 57. Rxe7+ Kg6 58. Rxe3 1/2-1/2

[Event "3FoglarVeterans_SIM_B"]
[Site "?"]
[Date "2007.??.??"]
[Round "?"]
[White "Vasile, Constantin"]
[Black "Satici, Aydin"]
[Result "0-1"]
[WhiteElo "2244"]
[BlackElo "2335"]
[PlyCount "86"]
[EventDate "2007.??.??"]
[EventType "corr"]
[SourceDate "2007.05.17"]

1. e4 e5 2. Nf3 Nc6 3. Bc4 Nf6 4. d4 exd4 5. e5 d5 6. Bb5 Ne4 7. Nxd4 Bd7 8.
Bxc6 bxc6 9. O-O Bc5 10. f3 Ng5 11. f4 Ne4 12. Be3 Bb6 13. Nd2 Nxd2 14. Qxd2 c5
15. Nf3 c6 16. c4 Bf5 17. Bf2 O-O 18. Rfd1 Ba5 19. Qe2 d4 20. a3 f6 21. b4 Bc7
22. bxc5 d3 23. Qe3 Qe8 24. Bg3 Rd8 25. Rab1 d2 26. Rb7 Ba5 27. Rxa7 Rd3 28.
Qe2 Bc3 29. Bf2 fxe5 30. Nxe5 Rd8 31. Qe3 Qh5 32. Nf3 Rd3 33. Qe2 Qg4 34. Kh1
Qxf4 35. Re7 Rxf3 36. Qxf3 Qxf3 37. gxf3 Bc2 38. Bd4 Rd8 39. Rxg7+ Kf8 40. Bxc3
Bxd1 41. Rg3 Be2 42. Bxd2 Rxd2 43. Kg1 Bxc4 0-1

[Event "3FoglarVeterans_SIM_B"]
[Site "?"]
[Date "2007.??.??"]
[Round "?"]
[White "Maksimov, Yuri I."]
[Black "Mokrinsky, Evgeny E."]
[Result "1/2-1/2"]
[WhiteElo "2365"]
[BlackElo "2341"]
[PlyCount "67"]
[EventDate "2007.??.??"]
[EventType "corr"]
[SourceDate "2007.05.17"]

1. e4 c5 2. Nf3 d6 3. Bb5+ Bd7 4. Bxd7+ Qxd7 5. c4 Nc6 6. O-O g6 7. d4 cxd4 8.
Nxd4 Nf6 9. f3 Nxd4 10. Qxd4 Bg7 11. Nc3 O-O 12. Qd3 Qe6 13. Be3 Rac8 14. b3
Nd7 15. Rad1 b6 16. Nd5 Ne5 17. Qd2 Nc6 18. Bh6 Bd4+ 19. Kh1 Rfe8 20. f4 f5 21.
exf5 Qxf5 22. Rfe1 e6 23. Nb4 Bf6 24. Nxc6 Rxc6 25. Qe2 Qh5 26. Qxh5 gxh5 27.
Rd3 Kf7 28. Red1 Kg6 29. Bg5 Bxg5 30. fxg5 d5 31. cxd5 exd5 32. h3 Re2 33. Rxd5
Rxa2 34. h4 1/2-1/2

[Event "3FoglarVeterans_SIM_B"]
[Site "?"]
[Date "2007.??.??"]
[Round "?"]
[White "Vasile, Constantin"]
[Black "Nocci, Roberto"]
[Result "1/2-1/2"]
[WhiteElo "2244"]
[BlackElo "2311"]
[PlyCount "132"]
[EventDate "2007.??.??"]
[EventType "corr"]
[SourceDate "2007.05.17"]

1. e4 c5 2. Nf3 g6 3. d4 cxd4 4. Nxd4 Bg7 5. Nc3 Nc6 6. Be3 Nf6 7. Be2 O-O 8.
f4 d6 9. a3 Nxd4 10. Bxd4 e5 11. fxe5 dxe5 12. Bc5 Be6 13. Bxf8 Qxf8 14. O-O
Rd8 15. Qe1 Qc5+ 16. Kh1 Qb6 17. Rb1 h6 18. Qh4 Rc8 19. h3 a6 20. Kh2 Rc6 21.
Qg3 Rd6 22. Qf2 Rd4 23. Bf3 Qc7 24. Rbd1 Bf8 25. Qe1 Be7 26. Kh1 Bc4 27. Rf2
Rxd1 28. Nxd1 Bc5 29. Rd2 Kg7 30. Ne3 Bb5 31. Nd5 Nxd5 32. exd5 Bd6 33. g4 a5
34. Be4 Qb6 35. Qg3 Bd7 36. c3 a4 37. h4 Qa6 38. Kg2 Qc4 39. Qf3 Be8 40. Re2 h5
41. g5 Kg8 42. Rf2 Qc7 43. Bd3 Qb6 44. Qe2 Qc5 45. Be4 Bb5 46. Qf3 Be8 47. Bc2
Qc4 48. Qe4 Qb5 49. c4 Qc5 50. Rf3 b5 51. Bd3 b4 52. axb4 Qxb4 53. Qe2 Qb8 54.
Be4 Qc8 55. Rf1 Bc5 56. Kh2 Bd6 57. Rb1 Qa6 58. b4 a3 59. b5 Qb6 60. Kg2 Qd4
61. Rd1 Qc5 62. Rf1 Qd4 63. Rd1 Qc5 64. Rh1 Qd4 65. Qd3 Qb2+ 66. Qc2 Qd4
1/2-1/2

[Event "3FoglarVeterans_SIM_B"]
[Site "?"]
[Date "2007.??.??"]
[Round "?"]
[White "Brousek, Jiri"]
[Black "Satici, Aydin"]
[Result "1/2-1/2"]
[WhiteElo "2353"]
[BlackElo "2335"]
[PlyCount "73"]
[EventDate "2007.??.??"]
[EventType "corr"]
[SourceDate "2007.05.17"]

1. d4 Nf6 2. Nf3 e6 3. e3 c5 4. Bd3 d5 5. b3 Nbd7 6. O-O b6 7. Bb2 Bb7 8. Nbd2
Be7 9. Ne5 O-O 10. f4 cxd4 11. exd4 Ne4 12. Nxe4 dxe4 13. Bc4 a6 14. a4 Nxe5
15. fxe5 Bc6 16. Qg4 Qd7 17. c3 b5 18. Be2 bxa4 19. bxa4 Rfb8 20. Bc1 Rb3 21.
Qg3 Bd5 22. Bd1 Rb7 23. Bh5 g6 24. Be2 Qc7 25. Bh6 Rb2 26. Qe3 Rb3 27. Qf2 Bf8
28. Bd2 Rb2 29. Qe3 Qa5 30. h4 Bc6 31. h5 Rab8 32. Qf4 R8b7 33. Rf2 Rb1+ 34.
Rxb1 Rxb1+ 35. Kh2 Rb7 36. Bd1 Qd5 37. Kg1 1/2-1/2

[Event "3FoglarVeterans_SIM_B"]
[Site "?"]
[Date "2007.??.??"]
[Round "?"]
[White "Weber, Karlheinz"]
[Black "Mokrinsky, Evgeny E."]
[Result "1/2-1/2"]
[WhiteElo "2298"]
[BlackElo "2341"]
[PlyCount "59"]
[EventDate "2007.??.??"]
[EventType "corr"]
[SourceDate "2007.05.17"]

1. d4 Nf6 2. c4 e6 3. Nf3 b6 4. g3 Bb7 5. Nc3 Bb4 6. Bg2 Nc6 7. O-O Bxc3 8.
bxc3 Na5 9. Nd2 Bxg2 10. Kxg2 d5 11. Re1 O-O 12. cxd5 exd5 13. f3 h6 14. e4
dxe4 15. fxe4 Qd7 16. Bb2 b5 17. Qf3 Rfe8 18. Re2 Rad8 19. Rf1 Qe6 20. e5 c5
21. Rfe1 Nh7 22. h4 Nc4 23. Nb3 cxd4 24. cxd4 Qd5 25. Bc3 Nf8 26. Nd2 Ne6 27.
Qxd5 Rxd5 28. Nxc4 bxc4 29. Rd2 Red8 30. Kf2 1/2-1/2

[Event "3FoglarVeterans_SIM_B"]
[Site "?"]
[Date "2007.??.??"]
[Round "?"]
[White "Weber, Karlheinz"]
[Black "Illetsko, Jaroslav"]
[Result "1/2-1/2"]
[WhiteElo "2298"]
[BlackElo "2262"]
[PlyCount "62"]
[EventDate "2007.??.??"]
[EventType "corr"]
[SourceDate "2007.05.17"]

1. d4 Nf6 2. c4 g6 3. Nc3 Bg7 4. e4 d6 5. Nf3 O-O 6. Be2 e5 7. O-O Nc6 8. d5
Ne7 9. b4 Nh5 10. Re1 f5 11. Ng5 Nf6 12. Bf3 c6 13. Bb2 cxd5 14. exd5 h6 15.
Ne6 Bxe6 16. dxe6 e4 17. Be2 d5 18. cxd5 Nfxd5 19. Rc1 Nxb4 20. Qb3 Nbc6 21.
Red1 Qb6 22. Ba3 Qxb3 23. axb3 Rfd8 24. Na4 Re8 25. Rd7 Nd4 26. Bf1 Nec6 27. e7
Rab8 28. Nc3 Be5 29. Nb5 Nxb5 30. Bxb5 Kg7 31. Kf1 h5 1/2-1/2

[Event "3FoglarVeterans_SIM_B"]
[Site "?"]
[Date "2007.??.??"]
[Round "?"]
[White "Christiansen, Tonny"]
[Black "Glinz, Gustavo"]
[Result "1/2-1/2"]
[WhiteElo "2340"]
[BlackElo "2321"]
[PlyCount "84"]
[EventDate "2007.??.??"]
[EventType "corr"]
[SourceDate "2007.05.17"]

1. e4 g6 2. d4 Bg7 3. Nc3 d6 4. Nf3 Nf6 5. Be2 a6 6. e5 dxe5 7. dxe5 Qxd1+ 8.
Bxd1 Ng4 9. Nd5 Kd8 10. Bf4 Nc6 11. e6 Bxe6 12. Nxc7 Bxb2 13. Nxe6+ fxe6 14.
Rb1 Bc3+ 15. Bd2 Bxd2+ 16. Nxd2 Nf6 17. Rxb7 Kc8 18. Rb3 Rd8 19. Bf3 Kc7 20. c3
Rac8 21. Ke2 Nd5 22. Rhb1 Nf4+ 23. Kd1 Rd6 24. g3 Nd3 25. Ke2 Nc5 26. R3b2 Ne5
27. Bg2 Ned3 28. Rc2 Rf8 29. f3 Rfd8 30. Bf1 Rd5 31. Ke3 g5 32. Ne4 Nxe4 33.
fxe4 R5d6 34. Be2 h6 35. Rd2 Nc5 36. Rd4 e5 37. Rc4 Rc6 38. Rf1 Rh8 39. h3 a5
40. a3 Rb8 41. Rf7 Kd6 42. Rh7 e6 1/2-1/2

[Event "3FoglarVeterans_SIM_B"]
[Site "?"]
[Date "2007.??.??"]
[Round "?"]
[White "Satici, Aydin"]
[Black "Rauduve, Algirdas"]
[Result "1-0"]
[WhiteElo "2335"]
[BlackElo "2318"]
[PlyCount "43"]
[EventDate "2007.??.??"]
[EventType "corr"]
[SourceDate "2007.05.17"]

1. e4 c5 2. Nc3 Nc6 3. f4 g6 4. Nf3 Bg7 5. Bb5 Nd4 6. O-O Nxb5 7. Nxb5 d6 8. d3
Nf6 9. Nc3 O-O 10. Qe1 Bd7 11. Qh4 b5 12. f5 b4 13. Ne2 c4 14. Bh6 gxf5 15. Ng5
cxd3 16. cxd3 e5 17. exf5 Bc6 18. Kh1 Qd7 19. Ng3 Qb7 20. Nf3 Bxh6 21. Qxh6 Ne8
22. f6 1-0

[Event "3FoglarVeterans_SIM_B"]
[Site "?"]
[Date "2007.??.??"]
[Round "?"]
[White "Christiansen, Tonny"]
[Black "Pesa, Ladislav"]
[Result "1-0"]
[WhiteElo "2340"]
[BlackElo "2342"]
[PlyCount "73"]
[EventDate "2007.??.??"]
[EventType "corr"]
[SourceDate "2007.05.17"]

1. e4 e5 2. Nf3 Nf6 3. Nxe5 d6 4. Nf3 Nxe4 5. d4 d5 6. Bd3 Nc6 7. O-O Be7 8. c4
Nb4 9. Be2 O-O 10. Nc3 Bf5 11. a3 Nxc3 12. bxc3 Nc6 13. Re1 Re8 14. Bf4 dxc4
15. Bxc4 Bd6 16. Rxe8+ Qxe8 17. Ng5 Bg6 18. Bxd6 cxd6 19. h4 Qe7 20. Qg4 h6 21.
Nh3 Qe4 22. Qg3 Na5 23. Ba2 Qc2 24. Bd5 Re8 25. Kh2 Bf5 26. Qf4 Nc6 27. Ra2 Qd3
28. Rd2 Qb1 29. g4 Be6 30. Be4 Qe1 31. Rd3 Ne7 32. Re3 Qd2 33. Qg3 Rd8 34. Nf4
Bc8 35. Qf3 Kh8 36. g5 Ng8 37. Bd5 1-0

[Event "3FoglarVeterans_SIM_B"]
[Site "?"]
[Date "2007.??.??"]
[Round "?"]
[White "Cipka, Ivan"]
[Black "Vasile, Constantin"]
[Result "1/2-1/2"]
[WhiteElo "2282"]
[BlackElo "2244"]
[PlyCount "82"]
[EventDate "2007.??.??"]
[EventType "corr"]
[SourceDate "2007.05.17"]

1. e4 c5 2. Nf3 Nc6 3. d4 cxd4 4. Nxd4 Nf6 5. Nc3 e5 6. Ndb5 d6 7. Nd5 Nxd5 8.
exd5 Ne7 9. c4 Ng6 10. Qa4 Bd7 11. Qb4 Qb8 12. Be3 a6 13. Nc3 f5 14. h4 b5 15.
h5 Ne7 16. cxb5 f4 17. Bd2 Nf5 18. Bd3 Be7 19. a4 O-O 20. Qc4 Nd4 21. bxa6 Nb3
22. Rd1 Nc5 23. Rb1 Nxd3+ 24. Qxd3 Qb3 25. Rc1 Bf5 26. Qb5 Rfb8 27. Qxb3 Rxb3
28. g3 fxg3 29. fxg3 Rxa6 30. O-O g6 31. Bh6 Rxb2 32. Nd1 Rc2 33. Ne3 Rxc1 34.
Rxc1 Rxa4 35. Nxf5 gxf5 36. Rc8+ Kf7 37. Rh8 Bf6 38. Rxh7+ Ke8 39. Rb7 Ra5 40.
Bg7 Bxg7 41. Rxg7 Rxd5 1/2-1/2

[Event "3FoglarVeterans_SIM_B"]
[Site "?"]
[Date "2007.??.??"]
[Round "?"]
[White "Woznica, Miroslaw"]
[Black "Glinz, Gustavo"]
[Result "1/2-1/2"]
[WhiteElo "2303"]
[BlackElo "2321"]
[PlyCount "66"]
[EventDate "2007.??.??"]
[EventType "corr"]
[SourceDate "2007.05.17"]

1. e4 e5 2. Nf3 Nf6 3. Nxe5 d6 4. Nf3 Nxe4 5. d4 d5 6. Bd3 Bd6 7. O-O O-O 8. c4
c6 9. Qc2 Na6 10. a3 Bg4 11. Ne5 Bf5 12. b4 c5 13. f3 Bxe5 14. dxe5 dxc4 15.
Bxe4 Qd4+ 16. Qf2 Bxe4 17. Qxd4 cxd4 18. fxe4 c3 19. Rd1 Rfd8 20. Ra2 Nc7 21.
Bg5 Rdc8 22. Be7 a5 23. Rc2 Nb5 24. Bc5 axb4 25. axb4 b6 26. Bxd4 Rd8 27. Rxc3
Rxd4 28. Rxd4 Nxd4 29. Rc4 Ne2+ 30. Kf2 Nf4 31. Rc6 Nd3+ 32. Ke2 Nxe5 33. Rxb6
Ra2+ 1/2-1/2

[Event "3FoglarVeterans_SIM_B"]
[Site "?"]
[Date "2007.??.??"]
[Round "?"]
[White "Rauduve, Algirdas"]
[Black "Vasile, Constantin"]
[Result "1/2-1/2"]
[WhiteElo "2318"]
[BlackElo "2244"]
[PlyCount "72"]
[EventDate "2007.??.??"]
[EventType "corr"]
[SourceDate "2007.05.17"]

1. e4 c5 2. Nf3 Nc6 3. d4 cxd4 4. Nxd4 Nf6 5. Nc3 e5 6. Ndb5 d6 7. Bg5 a6 8.
Na3 b5 9. Bxf6 gxf6 10. Nd5 Bg7 11. Bd3 Ne7 12. Nxe7 Qxe7 13. c3 f5 14. Nc2 Bb7
15. Ne3 fxe4 16. Nf5 Qf6 17. Bxe4 d5 18. Bxd5 Rd8 19. Qg4 Rxd5 20. Qxg7 Qxg7
21. Nxg7+ Kd7 22. Nf5 Ke6 23. Ne3 Rd7 24. Rd1 Rxd1+ 25. Kxd1 f5 26. Rg1 Rg8 27.
g3 Bf3+ 28. Kc1 f4 29. Nf1 Bd5 30. Nd2 e4 31. Re1 Kf5 32. Nb3 Bxb3 33. axb3 h5
34. c4 h4 35. gxf4 Kxf4 36. Kd2 h3 1/2-1/2

[Event "3FoglarVeterans_SIM_B"]
[Site "?"]
[Date "2007.??.??"]
[Round "?"]
[White "Rauduve, Algirdas"]
[Black "Woznica, Miroslaw"]
[Result "1/2-1/2"]
[WhiteElo "2318"]
[BlackElo "2303"]
[PlyCount "59"]
[EventDate "2007.??.??"]
[EventType "corr"]
[SourceDate "2007.05.17"]

1. e4 c6 2. d4 d5 3. Nd2 dxe4 4. Nxe4 Bf5 5. Ng3 Bg6 6. Nf3 Nd7 7. h4 h6 8. h5
Bh7 9. Bd3 Bxd3 10. Qxd3 Ngf6 11. Bf4 e6 12. O-O-O Be7 13. c4 b5 14. c5 a5 15.
Ne4 O-O 16. g4 Nd5 17. Bd2 Nb4 18. Qe3 Nxa2+ 19. Kb1 Nb4 20. g5 hxg5 21. Rdg1
Nf6 22. Qxg5 Ne8 23. Qe3 Qd5 24. b3 f5 25. Neg5 Bxg5 26. Nxg5 Rf6 27. Rh4 Ra7
28. Rg3 Rh6 29. Qf4 Re7 30. Kb2 1/2-1/2

[Event "3FoglarVeterans_SIM_B"]
[Site "?"]
[Date "2007.??.??"]
[Round "?"]
[White "Christiansen, Tonny"]
[Black "Illetsko, Jaroslav"]
[Result "1-0"]
[WhiteElo "2340"]
[BlackElo "2262"]
[PlyCount "57"]
[EventDate "2007.??.??"]
[EventType "corr"]
[SourceDate "2007.05.17"]

1. e4 e5 2. Nf3 Nc6 3. Bb5 a6 4. Bxc6 dxc6 5. O-O Qd6 6. Na3 Be6 7. Qe2 f6 8.
Rd1 Bg4 9. Nc4 Qe6 10. Ne3 Bxf3 11. Qxf3 O-O-O 12. d3 h5 13. Bd2 c5 14. b4 cxb4
15. Rdb1 Bc5 16. Bxb4 Bd4 17. c3 Ba7 18. Rb3 Rxd3 19. Qe2 Rxe3 20. fxe3 Qg4 21.
Qd3 Nh6 22. c4 Rd8 23. Qc2 Rd4 24. Rc1 Rxe4 25. h3 Qg6 26. c5 f5 27. Rd3 Qe6
28. Qd2 Nf7 29. Ba5 1-0